The Marvel Cinematic Universe: Phase 1 - Statistics

General Stats
  • This quiz has been taken 72 times
  • The average score is 6 of 6
Answer Stats
Year Movie % Correct
2008 Iron Man
100%
2008 The Incredible Hulk
98%
2011 Captain America: The First Avenger
97%
2012 The Avengers
97%
2011 Thor
97%
2010 Iron Man 2
95%
No matching quizzes found
Score Distribution
Percent of People with Each Score
Percentile by Number Answered
Your Score History
You have not taken this quiz